000 00686nam a2200217Ii 4500
003 JO-AjNU
008 230606s9999||||xx |||||||||||||| ||und||
020 _a978-81-317-2146-9
040 _aJO-AjNU
_beng
_erda
_cJO-AjNU
041 _aeng
050 1 4 _aHD31.R5643.2009
100 3 _aRobbins,Stephen P/David A. DeCenzo/Sanghamitra Bhattacharyya/Madhushree Nanda Agarwal,
_eauthor
_9276
245 0 0 _aFundamentals of Management:Essential Concepts and Applications
250 _a6th ed
264 3 1 _aChennai:PEARSON,2009
300 _a468p
336 _atext
_btxt
_2rdacontent
337 _aunmediated
_bn
_2rdamedia
338 _avolume
_bnc
_2rdacarrier
650 4 _aMANAGEMENT
_9277
999 _aE144
_c144
_d144